010190000a22002290004500090001400000245010900014650002900123650002700152650002400179650003900203651001800242653002600260653002700286041001300313700002800326100003000354942001300384773006800397999001700465952014900482952015800631 aARb0177310aNew species of Philander () and mimon () from Peru14aTaxonomía animal9824514aNuevas especies99290514aMorfología99291714aDistribución geográfica992997 4pPerú992749 fPhyllostomidaegMimon fDidelphidaegPhilander0 aInglés1 aPatton, James L.9946671 aGardner, Alfred L.994608 cARTICULO1 tOccasional Papers of the Museum of Zoology3483h43q1-11d1972 c10850d10850 00102ddc40718HEMEROTECAaVillabVillad2015-02-27hFuera de circulaciónl0oAR 01773p012134r2015-03-25 00:00:00t1w2015-03-25yARTICULO 001040718HEMEROTECAaBogotabBogotad2015-02-27hFuera de circulaciónl0oAR 01773p012135r2015-03-25 00:00:00t2w2015-03-25xDonaciónyARTICULO